000 01096nam0a22002771 4500
001 rc\1000165
005 20041129101831.3
035 _a(NLR Aleph) 006166539
090 _a5919161
_c5919161
100 _a20041129d1981 u |0rusy50 ca
101 0 _arus
102 _aRU
105 _aa |||||||||
200 1 _aОпыт проектирования гидросооружений лиманного орошения в условиях вечной мерзлоты
_f[К. т. н. Л.Н. Слоев, В.В. Федунов]
210 _aМ.
_cЦБНТИ Минводхоза СССР
_d1981
215 _a40 с.
_cил.
_d20
225 1 _aОбзорная информация
_fМ-во мелиорации и вод. хоз-ва СССР. Гл. упр. науки. ЦБНТИ
_v№ 11
320 _aБиблиогр.: с. 39
333 _aДСП. Экз. № 000007
700 1 _aСлоев
_bЛ. Н.
_gЛеонид Николаевич
701 1 _aФедунов
_bВ. В.
801 0 _aRU
_bNLR
_gpsbo
801 1 _aRU
_bELAR
_2rusmarc
852 _aNLR
_jП10/3001
942 _cBOOK
980 _aNB